Esencia, estilo y presencia del "rajaleña" / (Registro nro. 4788)

000 -CABECERA
campo de control de longitud fija 00748nam a2200217 u 4500
001 - NÚMERO DE CONTROL
campo de control 000055224
005 - FECHA Y HORA DE LA ÚLTIMA TRANSACCIÓN
campo de control 20200120223027.0
008 - DATOS DE LONGITUD FIJA--INFORMACIÓN GENERAL
campo de control de longitud fija 110301s1965 ck ag fr 000 0 spa d
041 0# - CÓDIGO DE LENGUA
Código de lengua del texto/banda sonora o título independiente *spa
043 ## - CÓDIGO DE ÁREA GEOGRÁFICA
Código de área geográfica s-ck---
082 04 - NÚMERO DE LA CLASIFICACIÓN DECIMAL DEWEY
Número de clasificación 784.4986
Número de documento/Ítem R67
Número de edición 21
100 1# - ENTRADA PRINCIPAL--NOMBRE DE PERSONA
Nombre de persona Rosa, Andrés
Fechas asociadas al nombre 1911-
245 10 - MENCIÓN DE TÍTULO
Título Esencia, estilo y presencia del "rajaleña" /
Mención de responsabilidad, etc. Andrés Rosa.
260 ## - PUBLICACIÓN, DISTRIBUCIÓN, ETC.
Lugar de publicación, distribución, etc. Bogotá :
Nombre del editor, distribuidor, etc. Instituto Caro y Cuervo,
Fecha de publicación, distribución, etc. 1965.
300 ## - DESCRIPCIÓN FÍSICA
Extensión 39 p. :
Otras características físicas il., fots byn.
500 ## - NOTA GENERAL
Nota general Separata de "Thesaurus", Boletín del Instituto Caro y Cuervo, Tomo XIX, No. 3, 1964.
650 14 - PUNTO DE ACCESO ADICIONAL DE MATERIA--TÉRMINO DE MATERIA
Término de materia o nombre geográfico como elemento de entrada Música Colombiana
Subdivisión general Enseñanza
650 24 - PUNTO DE ACCESO ADICIONAL DE MATERIA--TÉRMINO DE MATERIA
Término de materia o nombre geográfico como elemento de entrada Canciones folclóricas
Subdivisión geográfica huilenses (Colombia)
650 24 - PUNTO DE ACCESO ADICIONAL DE MATERIA--TÉRMINO DE MATERIA
Término de materia o nombre geográfico como elemento de entrada Rajaleña (Música)
Subdivisión geográfica Huila (Colombia)
650 24 - PUNTO DE ACCESO ADICIONAL DE MATERIA--TÉRMINO DE MATERIA
Término de materia o nombre geográfico como elemento de entrada Folclor
Subdivisión geográfica Colombia.
Existencias
Estado de retiro Estado de pérdida Fuente del sistema de clasificación o colocación Estado dañado No para préstamo Código de colección Localización permanente Ubicación/localización actual Fecha de adquisición Número de inventario Total de préstamos Signatura topográfica completa Fecha visto por última vez Fecha del último préstamo Número de copia Precio válido a partir de Tipo de ítem Koha Nota pública
Retirado     Dañado Not For Loan Colección General Biblioteca Pública San Juan Bosco Biblioteca Pública San Juan Bosco 20/01/2020 108202 1 784.4986 R67 06/03/2020 06/03/2020 ej.1 20/01/2020 Libro Ocho días
            Biblioteca Pública San Juan Bosco Biblioteca Pública San Juan Bosco 06/03/2020 108202   784.4986 R67 06/03/2020     06/03/2020 Libro Ocho días

© Todos los derechos reservados para la Biblioteca Pública Municipal San Juan Bosco, 2020
Secretaria de Cultura de Mosquera
Carrera 3 N° 10 Esquina Centro Cultural Barrio El Carmén Teléfono: 8270830 Ext: 34
Funcionando con KOHA
Contacto: Biblioteca Pública Municipal San Juan Bosco/ bibliotecasanjuanbosco@mosquera-cundinamarca.gov.co
Mosquera, Cundinamarca